Statistics for Countries without letter "A"

Click here to take the quiz!

General Stats

  • This quiz has been taken 814 times
    (769 since last reset)
  • The average score is 20 of 30

Answer Stats

HintAnswer% Correct
Sweden
82%
Chile
80%
Peru
79%
Egypt
78%
Togo
76%
Yemen
75%
Belize
74%
Mexico
74%
Belgium
72%
Fiji
72%
Greece
71%
Benin
69%
Morocco
68%
Kosovo
65%
Comoros
64%
Djibouti
64%
Luxembourg
64%
Cyprus
62%
Lesotho
62%
UK
62%
Burundi
61%
Brunei
60%
Liechtenstein
60%
Niger
59%
Turkey
59%
Seychelles
58%
Montenegro
51%
Czech Republic
50%
Philippines
49%
Congo
48%

Score Distribution

Percentile by Number Answered

Percent of People with Each Score

Your Score History

You have not taken this quiz since the last reset